000 00284nam a2200121Ia 4500
008 190216s9999||||xx |||||||||||||| ||und||
100 _aNesan T Mathew
245 0 _aRashtram
260 _bKerala Bhasha Institute
_c1985
300 _a280p
650 _aPolitical Science
942 _cBK
999 _c34848
_d34848